| 000 | 00459nam a22001697a 4500 | ||
|---|---|---|---|
| 003 | OSt | ||
| 005 | 20140310182308.0 | ||
| 008 | 121116t xxu||||| |||| 00| 0 eng d | ||
| 020 | _a0590430432 | ||
| 050 |
_aPZ 7 _b.H652 1989 |
||
| 082 |
_aFIC H55k _b1989 |
||
| 245 |
_aThe karate kid part III / _cB.B Hiller ; written by Robert Mark Kamen |
||
| 260 |
_aNew York : _bScholastic, _c1989. |
||
| 300 |
_g17 cm. _a119 p. : |
||
| 942 |
_2lcc _cBK-FIC |
||
| 999 |
_c11641 _d11641 |
||